000 01018cad a22002295a 4500
001 E151958
008 110117s2008 xxk f 000 0 eng d
035 _a(Sirsi) u151958
041 0 _aeng
110 2 _aCouncil of Mortgage Lenders
_95903
245 0 0 _aCML disclosure of incentives form
_bfrequently asked questions
_h[electronic resource]
260 _aLondon
_bCML
_c2008
520 _aSets out the reasoning behind the development of the CML Disclosure of Incentives Form, including who should complete it, who should receive it and when. See E151958 for the form itself.
590 _aKA
651 4 _aEngland and Wales
_y1543-
690 _aPROPERTY-ACQUISITION AND DISPOSAL OF PROPERTY
710 1 _aRoyal Institution of Chartered Surveyors
_94900
710 1 _aHome Builders Federation
_94896
710 1 _aHomes for Scotland
856 4 0 _uhttps://www.rics.org/site/scripts/download_info.aspx?fileID=841&categoryID=361
_zView the item free of charge (member-only content) at www.rics.org
942 _n0
999 _c111759
_d111759